تفسير الأحلام / (رقم التسجيلة. 428)
[ عرض عادي ]
| 000 -LEADER | |
|---|---|
| fixed length control field | 00444nam a22001577a 4500 |
| 005 - DATE AND TIME OF LATEST TRANSACTION | |
| control field | 20251108163340.0 |
| 008 - FIXED-LENGTH DATA ELEMENTS--GENERAL INFORMATION | |
| fixed length control field | 250721s1983 xx 000 0 ara d |
| 082 14 - DEWEY DECIMAL CLASSIFICATION NUMBER | |
| Classification number | 135/محم |
| 100 1# - MAIN ENTRY--PERSONAL NAME | |
| Personal name | بن سيرين، محمد |
| 245 10 - TITLE STATEMENT | |
| Title | تفسير الأحلام / |
| 264 1# - PRODUCTION, PUBLICATION, DISTRIBUTION, MANUFACTURE, AND COPYRIGHT NOTICE | |
| Place of production, publication, distribution, manufacture | بيروت : |
| Name of producer, publisher, distributor, manufacturer | المكتبة الحديثة للطباعة والنشر، |
| Date of production, publication, distribution, manufacture, or copyright notice | 1983. |
| 300 ## - PHYSICAL DESCRIPTION | |
| Extent | 192 ص |
| 650 17 - SUBJECT ADDED ENTRY--TOPICAL TERM | |
| Topical term or geographic name as entry element | الأحلام |
| 942 ## - ADDED ENTRY ELEMENTS (KOHA) | |
| Source of classification or shelving scheme | Dewey Decimal Classification |
| Koha item type | كتب |
| حالة السحب | حالة الفقدان | مصدر التصنيف | حالة التلف | غير قابل للإعارة | المكتبة الرئيسية | المكتبة الحالية | موقع الرف | تاريخ التزويد | الرقم المتسلسل | Total Checkouts | رقم الإستدعاء | الباركود | تاريخ آخر ظهور | تاريخ الفاتورة | نوع المادة (كوها) |
|---|---|---|---|---|---|---|---|---|---|---|---|---|---|---|---|
| Dewey Decimal Classification | المكتبة المركزية | المكتبة المركزية | الإعارة | 12/07/2004 | 248553 | 135/محم | 248553 | 28/07/2025 | 12/07/2004 | كتب | |||||
| Dewey Decimal Classification | Unchecked | مكتبة الأميرة ايمان العامة | مكتبة الأميرة ايمان العامة | الإعارة | 28/07/2025 | 547222 | 135/محم | 28/07/2025 | 28/07/2025 | كتب | |||||
| Dewey Decimal Classification | Unchecked | مكتبة الاميرة بديعة | مكتبة الاميرة بديعة | الإعارة | 28/07/2025 | 554560 | 135/محم | 28/07/2025 | 28/07/2025 | كتب | |||||
| Dewey Decimal Classification | Unchecked | مكتبة الجويدة | مكتبة الجويدة | الإعارة | 28/07/2025 | 554561 | 135/محم | 28/07/2025 | 28/07/2025 | كتب | |||||
| Dewey Decimal Classification | Unchecked | مكتبة الجويدة | مكتبة الجويدة | الإعارة | 28/07/2025 | 547226 | 135/محم | 28/07/2025 | 28/07/2025 | كتب | |||||
| Dewey Decimal Classification | Unchecked | مكتبة الحسن العامة | مكتبة الحسن العامة | الإعارة | 28/07/2025 | 547227 | 135/محم | 28/07/2025 | 28/07/2025 | كتب | |||||
| Dewey Decimal Classification | Unchecked | مكتبة النصر العامة | مكتبة النصر العامة | الإعارة | 28/07/2025 | 547233 | 135/محم | 28/07/2025 | 28/07/2025 | كتب | |||||
| Dewey Decimal Classification | Unchecked | مكتبة بدر الجديدة للأطفال | مكتبة بدر الجديدة للأطفال | الأطفال | 28/07/2025 | 40033 | 135/محم | 28/07/2025 | 28/07/2025 | كتب |